Statistics for Multi Ballon d'Or Winners 1956-2021

Click here to take the quiz!

General Stats

  • This quiz has been taken 175 times
  • The average score is 8 of 10

Answer Stats

Number of WinsAnswerCountry% Correct
5 (2008, 2013, 2014, 2016, 2017)Cristiano RonaldoPortugal
100%
7 (2009, 2010, 2011, 2012, 2015, 2019, 2021)Lionel MessiArgentina
100%
2 (1997, 2002)RonaldoBrazil
100%
3 (1971, 1973, 1974)Johan CruyffNetherlands
92%
3 (1983, 1984, 1985)Michel PlatiniFrance
89%
3 (1988, 1989, 1992)Marco Van BastenNetherlands
88%
2 (1972, 1976)Franz BeckenbaeurGermany
86%
2 (1957, 1959)Alfredo Di StefanoSpain
67%
2 (1980, 1981)Karl-Heinz RummeniggeGermany
56%
2 (1978, 1979)Kevin KeeganEngland
48%

Score Distribution

Percentile by Number Answered

Percent of People with Each Score

Your Score History

You have not taken this quiz